Social and gender analysis in natural resource management : (Record no. 52032)
[ view plain ]
| 000 -LEADER | |
|---|---|
| fixed length control field | 00819nam a2200241 a 4500 |
| 001 - CONTROL NUMBER | |
| control field | 52032 |
| 003 - CONTROL NUMBER IDENTIFIER | |
| rucl marc code | BD-RjUL |
| 005 - DATE AND TIME OF LATEST TRANSACTION | |
| control field | 20211209075738.0 |
| 008 - FIXED-LENGTH DATA ELEMENTS--GENERAL INFORMATION | |
| fixed length control field | 160905s2006 ii ab b 001 0 eng |
| 020 ## - INTERNATIONAL STANDARD BOOK NUMBER | |
| International Standard Book Number | 0761934626 (hard back) |
| International Standard Book Number | 0761934634 (paper back) |
| 035 ## - SYSTEM CONTROL NUMBER | |
| System control number | (BD-RjU)52152 |
| 040 ## - CATALOGING SOURCE | |
| Original cataloging agency | BD-RjU |
| Transcribing agency | DLC |
| Modifying agency | YDX |
| -- | BAKER |
| -- | DLC |
| Language of cataloging | eng |
| 041 ## - LANGUAGE CODE | |
| Language code of text/sound track or separate title | eng |
| 082 00 - DEWEY DECIMAL CLASSIFICATION NUMBER | |
| Edition number | 23 |
| Classification number | 333.708095 |
| Author mark and year | SOC 2006 |
| 245 00 - TITLE STATEMENT | |
| Title | Social and gender analysis in natural resource management : |
| Remainder of title | learning studies and lessons from Asia / |
| Statement of responsibility, etc. | edited by Ronnie Vernooy. |
| 260 ## - PUBLICATION, DISTRIBUTION, ETC. (IMPRINT) | |
| Place of publication, distribution, etc. | New Delhi ; |
| Name of publisher, distributor, etc. | SAGE Publications, |
| Date of publication, distribution, etc. | 2006. |
| 300 ## - PHYSICAL DESCRIPTION | |
| Pagination | 250 p. : |
| Illustrations | ill. ; |
| Size | 22 cm. |
| 504 ## - BIBLIOGRAPHY, ETC. NOTE | |
| Bibliography, etc | Includes bibliographical references and index. |
| 650 #0 - SUBJECT ADDED ENTRY--TOPICAL TERM | |
| Topical term or geographic name as entry element | Rural development |
| Geographic subdivision | Asia |
| 9 (RLIN) | 155603 |
| 700 1# - ADDED ENTRY--PERSONAL NAME | |
| Personal name | Vernooy, Ronnie, |
| Dates associated with a name | 1963- |
| 942 ## - ADDED ENTRY ELEMENTS (KOHA) | |
| Source of classification or shelving scheme | Dewey Decimal Classification |
| Koha item type | Books |
| Lost status | Source of classification or shelving scheme | Damaged status | Not for loan | Collection code | Permanent Location | Current Location | Shelving location | Date acquired | Source of acquisition | Cost, normal purchase price | Total Checkouts | Full call number | Date last seen | Copy number | Koha item type |
|---|---|---|---|---|---|---|---|---|---|---|---|---|---|---|---|
| Dewey Decimal Classification | Non-fiction | Central Library, University of Rajshahi | Central Library, University of Rajshahi | 10/12/2009 | Dhaka, Ahsania Mission Book | 888.96 | 333.708095 SOC 2006 | 05/09/2016 | C-2 | Books | |||||
| Dewey Decimal Classification | Not For Loan | Non-fiction | Central Library, University of Rajshahi | Central Library, University of Rajshahi | Reading Room | 10/12/2009 | Dhaka, Ahsania mission book dis. home. | 888.96 | 333.708095 SOC 2006 | 20/12/2016 | C-1 | Books |